Ideology and development in Africa (Record no. 25086)
[ view plain ]
| 000 -LEADER | |
|---|---|
| fixed length control field | 00656nam a2200217Ia 4500 |
| 003 - CONTROL NUMBER IDENTIFIER | |
| control field | 0100 |
| 005 - DATE AND TIME OF LATEST TRANSACTION | |
| control field | 20220517100853.0 |
| 008 - FIXED-LENGTH DATA ELEMENTS--GENERAL INFORMATION | |
| fixed length control field | 130303s9999 xx 000 0 und d |
| 020 ## - INTERNATIONAL STANDARD BOOK NUMBER | |
| International Standard Book Number | 0300027443 |
| 040 ## - CATALOGING SOURCE | |
| Transcribing agency | ARRUPELIB |
| 050 ## - LIBRARY OF CONGRESS CALL NUMBER | |
| Classification number | DT30.5.Y68 1982 |
| 300 ## - PHYSICAL DESCRIPTION | |
| Other physical details | 21cm. |
| 100 ## - MAIN ENTRY--PERSONAL NAME | |
| Personal name | Young, Crawford |
| 9 (RLIN) | 39190 |
| 245 ## - TITLE STATEMENT | |
| Title | Ideology and development in Africa |
| Statement of responsibility, etc | Crawford Young |
| 260 ## - PUBLICATION, DISTRIBUTION, ETC. (IMPRINT) | |
| Place of publication, distribution, etc | New Haven |
| Name of publisher, distributor, etc | Yale University Press |
| Date of publication, distribution, etc | 1982 |
| 300 ## - PHYSICAL DESCRIPTION | |
| Extent | 376p. ; |
| 650 ## - SUBJECT ADDED ENTRY--TOPICAL TERM | |
| Topical term or geographic name as entry element | Africa |
| General subdivision | Politics and government |
| Chronological subdivision | 1960- |
| 9 (RLIN) | 32116 |
| 650 ## - SUBJECT ADDED ENTRY--TOPICAL TERM | |
| Topical term or geographic name as entry element | Africa |
| General subdivision | Economic conditions |
| Chronological subdivision | 1960- |
| 9 (RLIN) | 24498 |
| 650 ## - SUBJECT ADDED ENTRY--TOPICAL TERM | |
| Topical term or geographic name as entry element | Africa |
| General subdivision | Social conditions |
| Chronological subdivision | 1960- |
| 9 (RLIN) | 16764 |
| 942 ## - ADDED ENTRY ELEMENTS (KOHA) | |
| Source of classification or shelving scheme | Library of Congress Classification |
| Koha item type | Monograph ( Printed materials) |
| Withdrawn status | Lost status | Source of classification or shelving scheme | Damaged status | Not for loan | Collection code | Home library | Current library | Shelving location | Date acquired | Total Checkouts | Full call number | Barcode | Date last seen | Date checked out | Copy number | Price effective from | Koha item type |
|---|---|---|---|---|---|---|---|---|---|---|---|---|---|---|---|---|---|
| Library of Congress Classification | Main Collection | ARRUPE LIBRARY | ARRUPE LIBRARY | Main Collection | 04/03/2013 | 2 | DT30.5.Y681982 | 46003093235 | 02/05/2023 | 13/02/2023 | 1 | 04/03/2013 | Monograph ( Printed materials) | ||||
| Library of Congress Classification | Main Collection | ARRUPE LIBRARY | ARRUPE LIBRARY | Main Collection | 17/05/2022 | DT30.5.Y68 1982 | 46600008563 | 17/05/2022 | 17/05/2022 | Monograph ( Printed materials) |